000 00445nam a2200193Ia 4500
003 0100
008 130303s9999 xx 000 0 und d
040 _cARRUPELIB
050 _aHM24 C74 1976
100 _aConnerton, Paul (ed)
245 _aCritical sociology
260 _aEngland
260 _bPenguin books
260 _C1976
300 _a519p.
300 _b19cm.
650 _bEncyclopedias and dictionaries
942 _2lcc
_01
999 _c67042
_d67042